000 00515nam a2200253Ia 4500
001 068520
003 YMCAF
005 20230512160527.0
008 100717s1983 ||||||||||||||||| ||und|d
020 _a-
024 _a68520
035 _a7983
040 _aYMCAF
_beng
_cIN-KoLT
041 _aeng
082 _a621.37
_bRAN
100 _aRANGAN
245 0 _aINSTRUMENTATION, DEVICES & SYSTEMS
250 _a-
260 _bTMH
_c1983
300 _a529
653 _a-
653 _a-
942 _2ddc
_cBK
999 _c5094
_d5094